000 00455cam a2200181ua 4500
020 _c3.50
041 _ahin
_h
082 _a891.54
_bVID/BH
100 _aVidyavati, Malavika .
245 _aBhagavan Goutham Bhudha /
_cVidyavati Malavika.
_hTextual Documents
250 _a1 /
_b.
260 _aVaranasi :
_bHindi Pracharak Pusthakalayam ,
_c1966.
300 _a96 ; .
365 _a3.50
504 _a
942 _cBK
999 _c8357
_d8357